000 01164 a2200205 4500
001 47473
005 20260407155741.0
008 260407a1972 arg spa d
003 AR-UNSa-BCEJYS
040 _aAR-UNSa-BCEJYS
_bspa
_cAR-UNSa-BCEJYS
080 _a330.8
_xHistoria de las teorías, Doctrinas, Dogmas económicos (pensamiento económico)
245 1 0 _aEl capitalismo en las ideologías económicas contemporáneas
_psu presente y su destino según el moderno pensamiento económico
264 1 _aBuenos Aires :
_bPaidós
_c1972
300 _a222 p.
_c23 cm.
505 _a1. Breve mirada retrospectiva - 2. Schumpeter y la "destrucción creadora" - 3. La teoría del estancamiento y el reformismo Keynesiano - 4. Teoría y realidad del oligopolio - 5. Supervivencia del ideal de la libre competencia: El neoliberalismo - 6. Kenneth Galbraith y el concepto de los poderes compensatorios - 7. El capitalismo moderno visto por los socialistas -
942 _cBK
590 _aniveau_biblio:m niveau_hierar:0
100 1 _aBallivian Calderon, Rene
856 4 1 _uhttps://www.biblioeco.unsa.edu.ar/pmb/images/libros/L127513.jpg
_yImagen de portada
_qimage/jpeg
999 _c4370
_d4370